LEADER 02172nam a2200397 i 4500 001 000000042538 003 CaOOAMICUS 005 20130404000000.0 008 130404s1995 it u000 u ita u 013 $a13708 020 $a88-250-0224-6 040 $aSeMil$bita 245 10$aCreazione e male del cosmo :$bscandalo per l'uomo e sfida per il credente /$cAssociazione Teologica Italiana, Studio Teologico Fiorentino ; A cura di Gianni Colzani. 260 $aPadova :$bMessaggero,$ccopyr. 1995. 300 $a195 p. ;$c21 cm. 490 0 $aStudi religiosi 500 $aSul verso del front : Atti del Seminario di studio Eremo di Lecceto, 26-27 settembre 1994. 650 4$aCreazione.$0(OLS)http://semarc/subject/1429 650 4$aMale.$0(OLS)http://semarc/subject/1418 700 1 $aColzani, Gianni,$d<1940- >.$0(OLS)http://semarc/name/3154 710 0 $aAssociazione teologica italiana.$0(OLS)http://semarc/name/324 710 2 $aStudio Teologico Fiorentino .$0(OLS)http://semarc/name/2414 774 0 $aColzani, Gianni <1940- >$tIntroduzione ; La teologia della creazione, il problema delle scienze, la questione del male.$w()294040 774 0 $aGalleni, Ludovico$tBiologia evoluzionistica e problema del male.$w()294041 774 0 $aGiannoni, Paolo$tQuestione del male, problema del male e affermazione teologica della salvezza.$w()294042 774 0 $aBenvenuto, Edoardo <1940-1998>$tConsiderazioni filosofiche.$w()294043 774 0 $aChiavacci, Enrico <1926-2013>$tConsiderazioni etiche.$w()294044 774 0 $aMolari, Carlo <1928- >$tConsiderazioni teologiche.$w()294045 774 0 $aMuratore, Saturnino $tPer una sintesi del problema.$w()294046 830 0$aStudi religiosi.$0(OLS)http://semarc/title/434 850 $aSeMil 852 $aSeMil$W1$xVenegono$y1$m2M I 213$j8693$B8693$CSeMilBibl$Z2$F8693 $81 961 $aOmaggio: Colzani don Gianni 996 $6020$a88-250-0224-6$9(OLS)http://semarc/number/13864 996 $6245$aCreazione e male del cosmo :$bscandalo per l'uomo e sfida per il credente$9(OLS)http://semarc/title/62088 996 $6260$aPadova :$bMessaggero$9(OLS)http://semarc/publisher/29786 LEADER 01066nam a2200265 i 4500 001 000000220449 003 CaOOAMICUS 005 20130516000000.0 008 130516s2004 it u000 u ita u 013 $a199346 020 $a88-8112-562-5 040 $aSeMil$bita 100 1 $aRella, Franco,$d<1944-2023>.$0(OLS)http://semarc/name/6604 245 10$aPensare per figure :$bFreud, Platone, Kafka, il postumano /$cFranco Rella. 260 $aRoma :$bFazi,$c2004. 300 $aVIII, 190 p. ;$c23 cm. 490 0 $aLe terre ;$v87. 650 4$aPostumano - Filosofia.$0(OLS)http://semarc/subject/38380 830 3$aLe terre ;$v87.$0(OLS)http://semarc/title/444439 850 $aSeMil 852 $aSeMil$W1$xVenegono$y1$m2P IV 747$j170804$B170804$CSeMilBibl$Z2$F181561 $81 961 $aOmaggio: Conti don Ermenegildo 996 $6020$a88-8112-562-5$9(OLS)http://semarc/number/219014 996 $6245$aPensare per figure :$bFreud, Platone, Kafka, il postumano$9(OLS)http://semarc/title/316176 996 $6260$aRoma :$bFazi$9(OLS)http://semarc/publisher/33210